SOLID GEOMETRY (Record no. 51750)
[ view plain ]
| 000 -LEADER | |
|---|---|
| fixed length control field | 00355nam a22001577a 4500 |
| 003 - CONTROL NUMBER IDENTIFIER | |
| control field | OSt |
| 005 - DATE AND TIME OF LATEST TRANSACTION | |
| control field | 20240408164732.0 |
| 008 - FIXED-LENGTH DATA ELEMENTS--GENERAL INFORMATION | |
| fixed length control field | 220428b xxu||||| |||| 00| 0 eng d |
| 020 ## - INTERNATIONAL STANDARD BOOK NUMBER | |
| International Standard Book Number | 8170080134 |
| 040 ## - CATALOGING SOURCE | |
| Transcribing agency | IIMT UNIVERSITY MEERUT |
| 100 ## - MAIN ENTRY--PERSONAL NAME | |
| Personal name | BALI N.P |
| 245 ## - TITLE STATEMENT | |
| Title | SOLID GEOMETRY |
| 260 ## - PUBLICATION, DISTRIBUTION, ETC. | |
| Place of publication, distribution, etc. | DELHI |
| Name of publisher, distributor, etc. | C.B.S |
| Date of publication, distribution, etc. | 2022 |
| 300 ## - PHYSICAL DESCRIPTION | |
| Extent | 635 |
| 942 ## - ADDED ENTRY ELEMENTS (KOHA) | |
| Source of classification or shelving scheme | |
| Koha item type | Book Bank |
| Withdrawn status | Lost status | Source of classification or shelving scheme | Damaged status | Not for loan | Home library | Current library | Date acquired | Cost, normal purchase price | Total Checkouts | Barcode | Date last seen | Price effective from | Koha item type |
|---|---|---|---|---|---|---|---|---|---|---|---|---|---|
| IIMT University Central Library Meerut | IIMT University Central Library Meerut | 04/25/2022 | 379.00 | 01-B-135670 | 07/21/2022 | 07/21/2022 | Book Bank | ||||||
| IIMT University Central Library Meerut | IIMT University Central Library Meerut | 04/25/2022 | 379.00 | 01-B-135671 | 07/21/2022 | 07/21/2022 | Book Bank | ||||||
| IIMT University Central Library Meerut | IIMT University Central Library Meerut | 04/25/2022 | 379.00 | 01-B-135672 | 07/21/2022 | 07/21/2022 | Book Bank |

